Central Library OPAC University of Rajshahi

Macroeconomic reforms in Indo-China : (Record no. 58431)

MARC details
000 -LEADER
fixed length control field 00968nam a2200241 a 4500
001 - CONTROL NUMBER
control field 58431
003 - CONTROL NUMBER IDENTIFIER
rucl marc code BD-RjUL
005 - DATE AND TIME OF LATEST TRANSACTION
control field 20211209080623.0
008 - FIXED-LENGTH DATA ELEMENTS--GENERAL INFORMATION
fixed length control field 161218s1995 nyuda b i000 0 eng d
035 ## - SYSTEM CONTROL NUMBER
System control number (BD-RjUL)58555
040 ## - CATALOGING SOURCE
Original cataloging agency IL#
Transcribing agency IL#
Modifying agency GZM
-- UIU
-- DLC
-- MYG
-- BD-RjUL
Language of cataloging eng
041 ## - LANGUAGE CODE
Language code of text/sound track or separate title eng
082 ## - DEWEY DECIMAL CLASSIFICATION NUMBER
Edition number 23
Classification number 330.9595
Author mark and year MAC 1995
245 00 - TITLE STATEMENT
Title Macroeconomic reforms in Indo-China :
Remainder of title lessons from the development experiences of Indonesia, Malaysia and Singapore /
Statement of responsibility, etc. Economic and Social Commission for Asia and the Pacific.
260 ## - PUBLICATION, DISTRIBUTION, ETC. (IMPRINT)
Place of publication, distribution, etc. New York :
Name of publisher, distributor, etc. United Nations,
Date of publication, distribution, etc. 1995.
300 ## - PHYSICAL DESCRIPTION
Pagination viii, 119 p. :
Illustrations ill. ;
Size 23 cm.
504 ## - BIBLIOGRAPHY, ETC. NOTE
Bibliography, etc Includes bibliographical references.
651 #0 - SUBJECT ADDED ENTRY--GEOGRAPHIC NAME
Geographic name Indonesia
General subdivision Economic conditions
Chronological subdivision 1945-1966.
9 (RLIN) 173545
Geographic name Malaysia
General subdivision Economic conditions.
9 (RLIN) 173546
Geographic name Singapore
General subdivision Economic conditions.
9 (RLIN) 173547
710 2# - ADDED ENTRY--CORPORATE NAME
Corporate name or jurisdiction name as entry element United Nations.
Subordinate unit Economic and Social Commission for Asia and the Pacific.
9 (RLIN) 171410
942 ## - ADDED ENTRY ELEMENTS (KOHA)
Source of classification or shelving scheme Dewey Decimal Classification
Koha item type Books
Holdings
Lost status Source of classification or shelving scheme Damaged status Not for loan Collection code Permanent Location Current Location Shelving location Date acquired Source of acquisition Cost, normal purchase price Total Checkouts Full call number Date last seen Copy number Koha item type
  Dewey Decimal Classification   Not For Loan Non-fiction Central Library, University of Rajshahi Central Library, University of Rajshahi Reading Room 26/02/1997 Asia foundation 0.00   330.9595 MAC 1995 18/12/2016 C-1 Books